| 000 | 00418 a2200145 4500 | ||
|---|---|---|---|
| 999 |
_c12082 _d12082 |
||
| 003 | OSt | ||
| 005 | 20240111171926.0 | ||
| 008 | 240111b ||||| |||| 00| 0 eng d | ||
| 020 | _a978-7535652539 | ||
| 082 | _a747.885 | ||
| 100 | _a Tang Art Design & Information Group Limited | ||
| 245 | _aBounded & Unbounded II Diverse Cultures Boundless Designs | ||
| 260 |
_bHUNAN FINE ARTS PUBLISHING HOUSE _c2012 |
||
| 942 | _2ddc | ||